Échelle de mots - de blague à poisson - Statistiques

Statistiques générales
  • Ce quiz a été pris 368 fois
  • Le résultat moyen est 16 sur 23
Statistiques - réponses
Hint Réponse % Correct
Plaisanterie Blague
100%
Alliance (lettre enlevée) Bague
99%
Arme blanche de petite taille Dague
91%
Peut être d'avril par exemple (lettre enlevée) Poisson
89%
Se sustente (lettre enlevée) Dîne
85%
Repas, qui peut être le 2e ou 3e de la journée selon l'endroit (lettre ajoutée) Dîner
84%
Urinons (familier) Pissons
82%
Plies, carpes, saumons, sardines, ... (lettre ajoutée) Poissons
81%
Ouvrage destiné à contenir les eaux, pour lequel les Pays-Bas sont célèbres Digue
75%
Qui mérite (quelque chose) Digne
72%
Réfléchissons (lettre ajoutée) Pensons
71%
Mesurons à l'aide d'une balance Pesons
70%
Petits passereaux granivores connus pour leur chant Pinsons
66%
Saper, le moral par exemple Miner
56%
Déclarèrent Dirent
55%
Mangent Dînent
54%
Affirmeront Diront
54%
Surnom de chaton Minet
54%
Raconterons Dirons
52%
Énonçons Disons
50%
Parions Misons
46%
Extraient des ressources naturelles (lettre ajoutée) Minent
44%
Famille de particules subatomiques composites possédant un spin entier et à la durée de vie très courte Mésons
38%
Aucun quiz correspondant
Distribution des résultats
% des personnes avec chaque résultat
Percentile par nombre de réponses
Votre historique - résultats
Vous n’avez pas pris ce quiz